| 000 | 00425nam a2200157Ia 4500 | ||
|---|---|---|---|
| 008 | 240729s9999 xx 000 0 und d | ||
| 022 | _a2076-0787 | ||
| 245 | 0 | _aHumanities | |
| 260 | _aSwitzerland | ||
| 260 | _bMDPI AG | ||
| 650 | _a History of scholarship and learning. The humanities | ||
| 650 | _aGeneral Works | ||
| 856 | _uhttps://doaj.org/toc/7b70239a4c234c3b99489974dd8a534a | ||
| 942 | _2ddc | ||
| 942 | _cDOAJEJ | ||
| 999 |
_c74455 _d74455 |
||
| 945 |
_a1 _bMadushi Gamage _c1 _dMadushi Gamage |
||